| 000 | 00866cam a2200277 a 4500 | ||
|---|---|---|---|
| 999 |
_c3012 _d3012 |
||
| 001 | 16904008 | ||
| 003 | OSt | ||
| 005 | 20230914160140.0 | ||
| 008 | 110804s2011 enk 000 d eng | ||
| 010 | _a 2011459364 | ||
| 020 | _a9781408156568 (pbk.) | ||
| 040 |
_aDLC _cDLC _dKH8 |
||
| 042 | _apcc | ||
| 082 | 0 | 4 |
_a822.914 FIL _222 |
| 100 | 1 |
_aFilter, _d1969-, _eauthor. |
|
| 245 | 1 | 0 |
_aSilence / _cFilter and David Farr ; devised by members of the company. |
| 260 |
_aLondon : _bMethuen Drama, _c2011. |
||
| 300 |
_a58 p. ; _c20 cm. |
||
| 500 | _a"Royal Shakespeare Company"--Cover. | ||
| 650 | 0 |
_aBritish _zRussia _vDrama. |
|
| 710 | 2 | _aFilter Theatre. | |
| 710 | 2 | _aRoyal Shakespeare Company. | |
| 906 |
_a7 _bcbc _corigres _d2 _encip _f20 _gy-gencatlg |
||
| 942 |
_2ddc _cTR |
||